000 01225nam a22003377a 4500
001 6590
003 FISKH
005 20250513090500.0
008 250513b cb ||||| |||| 00| 0 eng d
020 _a9781416990796
040 _aDLC
_cDLC
_dDLC
_beng
050 _aPZ7.H5977325 O
082 _a813.6
100 1 _aHiranandani, Veera.
245 1 0 _aOlivia and her ducklings /
_cAdapted by Veera Hiranandani ; Based on the screenplay written by Eryk Casemiro and Kate Boutiler ; illustrated by Shane L. Johnson.
250 _aThis edition first published in 2009
260 _aNew York :
_bSimon Spotlight,
_c2009.
300 _a22 unnumbered pages :
_bcolor illustrations ;
_c23 cm.
490 0 _aReady-to-read. Level 1
505 _aG
520 _aOlivia and Ian are playing in the park when they leave they notice that a mother duck and her ducklings are following them home.
521 _a390
_bLexile
521 _aG
_bRaz-Plus
650 _2Easy reader
_a Olivia
650 _2Guided readers
_a Age Range: 5-6
700 1 _aCasemiro, Eryk.
_dillustrator
730 0 _aOlivia (Television program)
906 _a7
_bcbc
_corignew
_d1
_eecip
_f20
_gy-gencatlg
942 _2ddc
_cBK
_n0
999 _c6590
_d6590